| 000 | 00639cam a2200205 4500500 | ||
|---|---|---|---|
| 005 | 20260329003942.0 | ||
| 041 | _afre | ||
| 042 | _adc | ||
| 100 | 1 | 0 |
_aEnjalbert, Cédric _eauthor |
| 245 | 0 | 0 | _a“120 battements par minutes”: guerre visible et invisible |
| 260 | _c2017. | ||
| 500 | _a3 | ||
| 690 | _aIntersectionnalité | ||
| 690 | _aKimberlé Crenshaw | ||
| 690 | _aMaladie | ||
| 690 | _aRobin Campillo | ||
| 690 | _aSida | ||
| 786 | 0 | _nPhilosophie magazine | 112 | 9 | 2017-09-01 | p. 59-59 | 1951-1787 | |
| 856 | 4 | 1 | _uhttps://shs.cairn.info/magazine-philosophie-magazine-2017-9-page-59?lang=fr&redirect-ssocas=7080 |
| 999 |
_c1829233 _d1829233 |
||